[Event "I SCS Open GM Chess Tournament"]
[Site "Bhubaneswar IND"]
[Date "2009.06.09"]
[Round "4"]
[White "Amon, Simutowe"]
[Black "G B, Joshi"]
[Result "1/2-1/2"]
[WhiteElo "2486"]
[BlackElo "2282"]
[PlyCount "117"]
[EventDate "2009.06.07"]
[EventType "swiss"]
[EventRounds "10"]
[EventCountry "IND"]
[Source "lmi"]
[SourceDate "2009.06.07"]

1. d4 d5 2. c4 e6 3. Nc3 c6 4. e3 Bd6 5. b3 Nd7 6. Bd3 Ngf6 7. Nf3 O-O 8. O-O
e5 9. cxd5 cxd5 10. Nb5 Bb8 11. dxe5 Nxe5 12. Bb2 Nxd3 13. Qxd3 Bg4 14. Ng5 Ne4
15. Nxe4 dxe4 16. Qxd8 Rxd8 17. Rfc1 Bd6 18. Rc4 Bf5 19. h3 a6 20. Nxd6 Rxd6
21. g4 b5 22. Rb4 Bg6 23. a4 bxa4 24. Raxa4 f6 25. Rb7 Rc8 26. Bd4 Be8 27. Rc4
Rdc6 28. Rxc6 Bxc6 29. Ra7 Bd5 30. g5 Rc6 31. gxf6 gxf6 32. b4 Bf7 33. Kg2 Kg7
34. Kg3 Kg6 35. Kf4 Re6 36. h4 h5 37. Rc7 Bg8 38. Rc1 Re8 39. Rg1+ Kf7 40. Ra1
Re6 41. Ra5 Kg6 42. Rc5 Re8 43. Rc6 Re6 44. Rc7 Re8 45. Bb2 Re6 46. Rc8 Kf7 47.
Ra8 Bh7 48. Ra7+ Kg6 49. Bd4 Bg8 50. Bc5 Bf7 51. Kg3 Bg8 52. Kg2 Bf7 53. Kg3
Bg8 54. Kf4 Bf7 55. Rc7 Bg8 56. Bd4 Re8 57. Rc3 Re6 58. Bc5 Kg7 59. Rc4 1/2-1/2

[Event "I SCS Open GM Chess Tournament"]
[Site "Bhubaneswar IND"]
[Date "2009.06.09"]
[Round "4"]
[White "Deep, Sengupta"]
[Black "Shreyansh Daklia, Jain"]
[Result "1-0"]
[WhiteElo "2466"]
[BlackElo "2281"]
[PlyCount "67"]
[EventDate "2009.06.07"]
[EventType "swiss"]
[EventRounds "10"]
[EventCountry "IND"]
[Source "lmi"]
[SourceDate "2009.06.07"]

1. e4 c6 2. Ne2 d5 3. e5 Bf5 4. Ng3 Bg6 5. h4 h6 6. h5 Bh7 7. e6 fxe6 8. d4 Nf6
9. Bd3 c5 10. c3 Nc6 11. Bxh7 Nxh7 12. O-O Nf6 13. Qd3 g5 14. hxg6 c4 15. Qe2
Qd7 16. Nd2 h5 17. Re1 h4 18. Ngf1 Bh6 19. Nf3 Bxc1 20. Raxc1 O-O-O 21. b4 a6
22. a4 b5 23. axb5 axb5 24. Ne5 Nxe5 25. Qxe5 Rh5 26. Qxe6 Qxe6 27. Rxe6 Kd7
28. Rce1 Ne4 29. Ra6 h3 30. g4 Rg5 31. Nh2 Rg8 32. Ra7+ Kd6 33. Rea1 Rc8 34. f4
1-0

[Event "I SCS Open GM Chess Tournament"]
[Site "Bhubaneswar IND"]
[Date "2009.06.09"]
[Round "4"]
[White "Jha, Sriram"]
[Black "Bhuvanesh R, Ramnath"]
[Result "1/2-1/2"]
[WhiteElo "2453"]
[BlackElo "2273"]
[PlyCount "38"]
[EventDate "2009.06.07"]
[EventType "swiss"]
[EventRounds "10"]
[EventCountry "IND"]
[Source "lmi"]
[SourceDate "2009.06.07"]

1. d4 Nf6 2. c4 g6 3. Nc3 Bg7 4. e4 d6 5. f3 O-O 6. Be3 c5 7. Nge2 Nc6 8. d5
Ne5 9. Ng3 e6 10. Be2 exd5 11. cxd5 a6 12. O-O b5 13. Qd2 Re8 14. b3 h5 15. h3
h4 16. Nh1 Nh7 17. Rac1 f5 18. Nf2 Rb8 19. Rfe1 Rb7 1/2-1/2

[Event "I SCS Open GM Chess Tournament"]
[Site "Bhubaneswar IND"]
[Date "2009.06.09"]
[Round "4"]
[White "Akash, Thakur"]
[Black "Tejas, Bakre"]
[Result "1/2-1/2"]
[WhiteElo "2308"]
[BlackElo "2452"]
[PlyCount "23"]
[EventDate "2009.06.07"]
[EventType "swiss"]
[EventRounds "10"]
[EventCountry "IND"]
[Source "lmi"]
[SourceDate "2009.06.07"]

1. d4 Nf6 2. Nc3 d5 3. Bg5 Nbd7 4. Qd3 h6 5. Bxf6 Nxf6 6. e4 dxe4 7. Nxe4 Nxe4
8. Qxe4 c6 9. O-O-O Qd5 10. Qxd5 cxd5 11. Nf3 a6 12. Ne5 1/2-1/2

[Event "I SCS Open GM Chess Tournament"]
[Site "Bhubaneswar IND"]
[Date "2009.06.09"]
[Round "4"]
[White "M R, Venkatesh"]
[Black "Shah, Sagar"]
[Result "1/2-1/2"]
[WhiteElo "2432"]
[BlackElo "2271"]
[PlyCount "63"]
[EventDate "2009.06.07"]
[EventType "swiss"]
[EventRounds "10"]
[EventCountry "IND"]
[Source "lmi"]
[SourceDate "2009.06.07"]

1. e4 d6 2. d4 Nf6 3. Nc3 g6 4. Be3 c6 5. Nf3 Bg7 6. Bd3 O-O 7. Qd2 Bg4 8. Ng5
Qa5 9. f3 Bc8 10. h4 h6 11. Nh3 h5 12. a3 Bxh3 13. Rxh3 e5 14. dxe5 dxe5 15. g4
Nbd7 16. b4 Qc7 17. Ne2 Qd6 18. Ng3 hxg4 19. Rh1 gxf3 20. h5 Qe6 21. O-O-O Ng4
22. Kb1 a5 23. b5 Nxe3 24. Qxe3 Rac8 25. Nf5 gxf5 26. exf5 Qh6 27. Qxf3 e4 28.
Bxe4 Qf6 29. c3 cxb5 30. Rh3 Nc5 31. h6 Nxe4 32. Qxe4 1/2-1/2

[Event "I SCS Open GM Chess Tournament"]
[Site "Bhubaneswar IND"]
[Date "2009.06.10"]
[Round "5"]
[White "Babu M R, Lalith"]
[Black "Igor, Kurnosov"]
[Result "1/2-1/2"]
[WhiteElo "2480"]
[BlackElo "2658"]
[PlyCount "103"]
[EventDate "2009.06.07"]
[EventType "swiss"]
[EventRounds "10"]
[EventCountry "IND"]
[Source "lmi"]
[SourceDate "2009.06.07"]

1. Nf3 Nf6 2. c4 g6 3. Nc3 d5 4. Qa4+ Bd7 5. Qb3 dxc4 6. Qxc4 a6 7. d4 b5 8.
Qb3 c5 9. dxc5 Bg7 10. e4 O-O 11. Be2 Be6 12. Qc2 Nbd7 13. Ng5 Nxc5 14. Be3 Rc8
15. Bxc5 Rxc5 16. Nxe6 fxe6 17. Qb3 Re5 18. O-O Nxe4 19. Nxe4 Rxe4 20. Bf3 Re5
21. Rac1 Kh8 22. Rc6 a5 23. Qc2 Qd4 24. Rc8 Ref5 25. b3 Qf4 26. Rxf8+ Rxf8 27.
Qe2 e5 28. Be4 Rd8 29. g3 Qd2 30. Qxb5 Qxa2 31. Kg2 Qd2 32. Ra1 Rf8 33. Rf1 Qd4
34. Qe2 Bh6 35. Bf3 Qc3 36. Bd5 Bg7 37. Rd1 Bf6 38. Rd3 Qc5 39. Be4 Kg7 40. Rd5
Qc3 41. Qd3 Qe1 42. Bf3 Rc8 43. Qe2 Qxe2 44. Bxe2 Rc2 45. Bd3 Ra2 46. h4 e4 47.
Bxe4 Bc3 48. Rd1 Rb2 49. Rb1 Rd2 50. Rc1 Bd4 51. Rc2 Rxc2 52. Bxc2 1/2-1/2

[Event "I SCS Open GM Chess Tournament"]
[Site "Bhubaneswar IND"]
[Date "2009.06.10"]
[Round "5"]
[White "S P, Sethuraman"]
[Black "Georgy, Timoshenko"]
[Result "1/2-1/2"]
[WhiteElo "2451"]
[BlackElo "2550"]
[PlyCount "48"]
[EventDate "2009.06.07"]
[EventType "swiss"]
[EventRounds "10"]
[EventCountry "IND"]
[Source "lmi"]
[SourceDate "2009.06.07"]

1. e4 c5 2. Nf3 Nc6 3. d4 cxd4 4. Nxd4 Nf6 5. Nc3 e5 6. Ndb5 d6 7. Bg5 a6 8.
Na3 b5 9. Nd5 Be7 10. Bxf6 Bxf6 11. c3 O-O 12. Nc2 Bg5 13. a4 bxa4 14. Rxa4 Kh8
15. Nce3 Bxe3 16. Nxe3 Ne7 17. Bc4 f5 18. exf5 Nxf5 19. Nxf5 Bxf5 20. Bd5 Rb8
21. Qe2 a5 22. O-O Bd7 23. Raa1 a4 24. Rad1 Qb6 1/2-1/2

[Event "I SCS Open GM Chess Tournament"]
[Site "Bhubaneswar IND"]
[Date "2009.06.10"]
[Round "5"]
[White "Sergei, Tiviakov"]
[Black "Srinath, Narayanan"]
[Result "1-0"]
[WhiteElo "2697"]
[BlackElo "2381"]
[PlyCount "49"]
[EventDate "2009.06.07"]
[EventType "swiss"]
[EventRounds "10"]
[EventCountry "IND"]
[Source "lmi"]
[SourceDate "2009.06.07"]

1. e4 e5 2. Nf3 Nc6 3. Bc4 Nf6 4. d3 Bc5 5. c3 O-O 6. Bg5 Be7 7. Nbd2 h6 8. Bh4
d6 9. Bb3 Nh5 10. Bg3 Kh8 11. Nxe5 Nxe5 12. Bxe5 dxe5 13. Qxh5 Qxd3 14. Qxe5
Bg4 15. Bc4 Qc2 16. Qxe7 Rad8 17. O-O Qxd2 18. Bxf7 Qxb2 19. e5 Be2 20. Rfe1
Qxc3 21. e6 Bg4 22. Rac1 Qd2 23. Qc5 b6 24. Qe3 Qxa2 25. Rxc7 1-0

[Event "I SCS Open GM Chess Tournament"]
[Site "Bhubaneswar IND"]
[Date "2009.06.10"]
[Round "5"]
[White "Sharma, Himanshu"]
[Black "Enamul, Hossain"]
[Result "0-1"]
[WhiteElo "2403"]
[BlackElo "2531"]
[PlyCount "62"]
[EventDate "2009.06.07"]
[EventType "swiss"]
[EventRounds "10"]
[EventCountry "IND"]
[Source "lmi"]
[SourceDate "2009.06.07"]

1. e4 e6 2. f4 d5 3. e5 c5 4. Nf3 Nc6 5. c3 Nh6 6. Na3 Nf5 7. Nc2 d4 8. Bd3 Be7
9. O-O h5 10. Qe2 Qb6 11. c4 Nb4 12. Nxb4 cxb4 13. b3 Bd7 14. Bb2 Bc6 15. Ng5
h4 16. Qg4 Bxg5 17. fxg5 g6 18. Bxf5 gxf5 19. Qxd4 Rh5 20. Rf2 Rxg5 21. Kf1 Be4
22. Qxb6 axb6 23. Bd4 b5 24. cxb5 Bd3+ 25. Kg1 Bxb5 26. Bc5 Rg4 27. h3 Rg3 28.
Bxb4 Bc6 29. Rc1 Rxa2 30. Rc4 Ra1+ 31. Rf1 Rxg2+ 0-1

[Event "I SCS Open GM Chess Tournament"]
[Site "Bhubaneswar IND"]
[Date "2009.06.10"]
[Round "5"]
[White "Yaroslav, Zinchenko"]
[Black "B S, Shivananda"]
[Result "1/2-1/2"]
[WhiteElo "2531"]
[BlackElo "2378"]
[PlyCount "89"]
[EventDate "2009.06.07"]
[EventType "swiss"]
[EventRounds "10"]
[EventCountry "IND"]
[Source "lmi"]
[SourceDate "2009.06.07"]

1. e4 e5 2. Nf3 Nf6 3. Nxe5 d6 4. Nf3 Nxe4 5. d4 d5 6. Bd3 Nc6 7. O-O Be7 8.
Re1 Bg4 9. c4 Nf6 10. Nc3 O-O 11. cxd5 Nxd5 12. Be4 Be6 13. a3 Bf6 14. Qd3 h6
15. Bd2 Qd7 16. Ne2 Rad8 17. Rad1 Rfe8 18. Ng3 Bg4 19. Bc3 Nce7 20. h3 Nf4 21.
Qd2 Bxf3 22. Bxf3 Ned5 23. Ne4 Qf5 24. Bg4 Qg6 25. Nxf6+ Qxf6 26. Rxe8+ Rxe8
27. Re1 Rxe1+ 28. Qxe1 g6 29. Qe4 h5 30. Bf3 c6 31. Qe8+ Kg7 32. Qd7 Qe6 33.
Qxb7 Nxc3 34. bxc3 Qe1+ 35. Kh2 Qxf2 36. Qc7 Nd5 37. Bxd5 cxd5 38. Qe5+ Kg8 39.
a4 h4 40. a5 a6 41. Qd6 Qe1 42. Qc7 Kg7 43. Qf4 Qxc3 44. Qe5+ Kg8 45. Qxd5
1/2-1/2

[Event "I SCS Open GM Chess Tournament"]
[Site "Bhubaneswar IND"]
[Date "2009.06.10"]
[Round "5"]
[White "Anup, Deshmukh"]
[Black "Sergey, Vokarev"]
[Result "0-1"]
[WhiteElo "2299"]
[BlackElo "2521"]
[PlyCount "80"]
[EventDate "2009.06.07"]
[EventType "swiss"]
[EventRounds "10"]
[EventCountry "IND"]
[Source "lmi"]
[SourceDate "2009.06.07"]

1. d4 Nf6 2. c4 g6 3. Nc3 d5 4. Nf3 Bg7 5. e3 O-O 6. Be2 c5 7. dxc5 Qa5 8. O-O
dxc4 9. Bxc4 Qxc5 10. Bb3 Nc6 11. h3 Bf5 12. Qe2 Ne4 13. Na4 Qa5 14. Nd2 Rad8
15. Rd1 b5 16. Nxe4 bxa4 17. Rxd8 Rxd8 18. Bc2 a3 19. Rb1 axb2 20. Bxb2 Qxa2
21. g4 Bxb2 22. gxf5 Bg7 23. Ng5 Ne5 24. Rd1 Rc8 25. Rd2 Qc4 26. f4 Qxe2 27.
Rxe2 Nc4 28. Bb3 Nd6 29. fxg6 hxg6 30. e4 Rc3 31. Ba2 Bd4+ 32. Kg2 Nc4 33. e5
Ne3+ 34. Kh2 Nf1+ 35. Kg2 e6 36. Bb1 Ne3+ 37. Kh2 Nd5 38. Ne4 Rc1 39. Ba2 Nxf4
40. Rd2 Bxe5 0-1

[Event "I SCS Open GM Chess Tournament"]
[Site "Bhubaneswar IND"]
[Date "2009.06.10"]
[Round "5"]
[White "Nikil P, Shyam"]
[Black "B, Adhiban"]
[Result "1/2-1/2"]
[WhiteElo "2376"]
[BlackElo "2483"]
[PlyCount "34"]
[EventDate "2009.06.07"]
[EventType "swiss"]
[EventRounds "10"]
[EventCountry "IND"]
[Source "lmi"]
[SourceDate "2009.06.07"]

1. e4 c5 2. Nc3 d6 3. Nf3 Nc6 4. d4 cxd4 5. Nxd4 Nf6 6. Be2 e5 7. Nb3 Be7 8.
O-O O-O 9. Kh1 a6 10. f4 b5 11. Bf3 Bb7 12. Nd5 Rc8 13. c3 Nxd5 14. exd5 Nb8
15. a4 Nd7 16. axb5 axb5 17. Na5 Qc7 1/2-1/2

[Event "I SCS Open GM Chess Tournament"]
[Site "Bhubaneswar IND"]
[Date "2009.06.10"]
[Round "5"]
[White "G A, Stany"]
[Black "Deep, Sengupta"]
[Result "0-1"]
[WhiteElo "2269"]
[BlackElo "2466"]
[PlyCount "56"]
[EventDate "2009.06.07"]
[EventType "swiss"]
[EventRounds "10"]
[EventCountry "IND"]
[Source "lmi"]
[SourceDate "2009.06.07"]

1. e4 e6 2. d4 d5 3. e5 c5 4. c3 Nc6 5. Nf3 Nh6 6. a3 f6 7. Bd3 Ng4 8. O-O fxe5
9. dxe5 Ngxe5 10. Nxe5 Nxe5 11. Qh5+ Nf7 12. Re1 Bd6 13. Nd2 g6 14. Qe2 O-O 15.
c4 Qf6 16. Nf3 b5 17. cxd5 exd5 18. Bxb5 Bg4 19. Bc6 Bxh2+ 20. Kxh2 Qxc6 21.
Bd2 Qc7+ 22. Kg1 Nd6 23. Qd3 Bxf3 24. gxf3 Qf7 25. Re5 Nc4 26. Rxd5 Nxb2 27.
Qb3 Rab8 28. Qa2 c4 0-1

[Event "I SCS Open GM Chess Tournament"]
[Site "Bhubaneswar IND"]
[Date "2009.06.10"]
[Round "5"]
[White "K, Rathnakaran"]
[Black "Biswajit, Nayak"]
[Result "1-0"]
[WhiteElo "2427"]
[BlackElo "1995"]
[PlyCount "61"]
[EventDate "2009.06.07"]
[EventType "swiss"]
[EventRounds "10"]
[EventCountry "IND"]
[Source "lmi"]
[SourceDate "2009.06.07"]

1. e4 e5 2. Nf3 Nc6 3. Bc4 Bc5 4. O-O Nf6 5. d3 d6 6. c3 a6 7. a4 O-O 8. Nbd2
Ba7 9. Bb3 h6 10. Bc2 Re8 11. h3 d5 12. Re1 a5 13. exd5 Nxd5 14. Nc4 f6 15. d4
exd4 16. Rxe8+ Qxe8 17. Qd3 f5 18. Bd2 Be6 19. Re1 Rd8 20. Qe2 Bf7 21. Nce5
Nxe5 22. Nxe5 Bh5 23. g4 fxg4 24. Qd3 g6 25. hxg4 Ne3 26. Bb3+ Kg7 27. gxh5
dxc3 28. Qxc3 Bd4 29. Qxc7+ Kf6 30. Ng4+ Kg5 31. Nxe3 1-0

[Event "I SCS Open GM Chess Tournament"]
[Site "Bhubaneswar IND"]
[Date "2009.06.10"]
[Round "5"]
[White "Banerjee, Bitan"]
[Black "Yuri, Drozdovskij"]
[Result "1/2-1/2"]
[WhiteElo "2301"]
[BlackElo "2603"]
[PlyCount "25"]
[EventDate "2009.06.07"]
[EventType "swiss"]
[EventRounds "10"]
[EventCountry "IND"]
[Source "lmi"]
[SourceDate "2009.06.07"]

1. d4 Nf6 2. c4 e6 3. Nf3 d5 4. g3 a6 5. Bg2 dxc4 6. O-O b5 7. Ne5 c6 8. a4 Bb7
9. axb5 axb5 10. Rxa8 Bxa8 11. b3 cxb3 12. Qxb3 Nbd7 13. Ba3 1/2-1/2

[Event "I SCS Open GM Chess Tournament"]
[Site "Bhubaneswar IND"]
[Date "2009.06.10"]
[Round "5"]
[White "J, Ramakrishna"]
[Black "Abhijeet, Gupta"]
[Result "0-1"]
[WhiteElo "2292"]
[BlackElo "2570"]
[PlyCount "84"]
[EventDate "2009.06.07"]
[EventType "swiss"]
[EventRounds "10"]
[EventCountry "IND"]
[Source "lmi"]
[SourceDate "2009.06.07"]

1. e4 c5 2. c4 Nc6 3. Ne2 Nf6 4. Nbc3 e6 5. d4 cxd4 6. Nxd4 Bb4 7. Nxc6 dxc6 8.
Qxd8+ Kxd8 9. Bd2 e5 10. Rd1 Bd7 11. Bd3 Ke7 12. a3 Bd6 13. b4 Rhd8 14. c5 Bc7
15. Bc4 b5 16. cxb6 axb6 17. a4 Be8 18. Be3 Rxd1+ 19. Kxd1 Bd6 20. Kc2 Bxb4 21.
Bxb6 Bxc3 22. Kxc3 Nxe4+ 23. Kb4 c5+ 24. Bxc5+ Nxc5 25. Kxc5 Bxa4 26. Rb1 Rc8+
27. Kd5 Rd8+ 28. Kc5 Rd2 29. Re1 Kf6 30. Re2 Rd8 31. Ra2 Be8 32. Ra6+ Kg5 33.
Rd6 Rc8+ 34. Kb4 f5 35. Kb3 Kf4 36. Be6 Rc6 37. g3+ Kg4 38. f3+ Kg5 39. h4+ Kf6
40. Rxc6 Bxc6 41. Bg8 Bxf3 42. Kc3 h6 0-1

[Event "I SCS Open GM Chess Tournament"]
[Site "Bhubaneswar IND"]
[Date "2009.06.10"]
[Round "5"]
[White "Syed Mahfuzur, Rahman"]
[Black "Alexander, Zubarev"]
[Result "0-1"]
[WhiteElo "2287"]
[BlackElo "2566"]
[PlyCount "76"]
[EventDate "2009.06.07"]
[EventType "swiss"]
[EventRounds "10"]
[EventCountry "IND"]
[Source "lmi"]
[SourceDate "2009.06.07"]

1. e4 e6 2. d4 d5 3. Nc3 Bb4 4. e5 c5 5. a3 Bxc3+ 6. bxc3 Ne7 7. Nf3 Qc7 8. Bd3
Bd7 9. a4 c4 10. Be2 Nbc6 11. Ba3 f6 12. Bd6 Qd8 13. exf6 gxf6 14. Nh4 O-O 15.
f4 Kh8 16. O-O Rg8 17. f5 exf5 18. Qd2 Be6 19. Bg3 Qd7 20. Rae1 Raf8 21. Qh6
Rg7 22. Bh5 Kg8 23. Qe3 Nd8 24. Bf4 Ng6 25. Bxg6 hxg6 26. Bh6 f4 27. Qd2 g5 28.
Bxg7 Kxg7 29. Nf3 Bf5 30. g3 Ne6 31. Qe2 Rh8 32. Nd2 Kf7 33. g4 Bxc2 34. Nxc4
Bxa4 35. Na3 Nf8 36. Kg2 Qd6 37. Nb5 f3+ 38. Rxf3 Qxh2+ 0-1

[Event "I SCS Open GM Chess Tournament"]
[Site "Bhubaneswar IND"]
[Date "2009.06.10"]
[Round "5"]
[White "Roman, Ovetchkin"]
[Black "Akash, Thakur"]
[Result "1-0"]
[WhiteElo "2549"]
[BlackElo "2308"]
[PlyCount "69"]
[EventDate "2009.06.07"]
[EventType "swiss"]
[EventRounds "10"]
[EventCountry "IND"]
[Source "lmi"]
[SourceDate "2009.06.07"]

1. Nf3 d5 2. d4 Nc6 3. Bf4 Bg4 4. Nbd2 f6 5. c3 Qd7 6. e3 e6 7. Be2 Bd6 8. Bxd6
cxd6 9. e4 Nge7 10. O-O O-O 11. Re1 Kh8 12. Qb3 Rae8 13. Rad1 a6 14. Qa3 Rd8
15. g3 dxe4 16. Nxe4 f5 17. Ned2 Nd5 18. c4 Nf6 19. d5 exd5 20. cxd5 Ne5 21.
Nxe5 dxe5 22. Bxg4 Nxg4 23. h3 Nh6 24. Rxe5 Nf7 25. Ree1 Qxd5 26. Nf1 Qc4 27.
Ne3 Qc8 28. Rxd8 Rxd8 29. Qe7 Nh6 30. Nc4 Ng8 31. Qe6 Qxe6 32. Rxe6 g6 33. Rb6
Rd7 34. Na5 Nf6 35. Rxf6 1-0

[Event "I SCS Open GM Chess Tournament"]
[Site "Bhubaneswar IND"]
[Date "2009.06.10"]
[Round "5"]
[White "Anuar, Ismagambetov"]
[Black "Prasanna  V, Vishnu"]
[Result "1/2-1/2"]
[WhiteElo "2525"]
[BlackElo "2286"]
[PlyCount "46"]
[EventDate "2009.06.07"]
[EventType "swiss"]
[EventRounds "10"]
[EventCountry "IND"]
[Source "lmi"]
[SourceDate "2009.06.07"]

1. e4 c5 2. Nf3 d6 3. d4 cxd4 4. Nxd4 Nf6 5. Nc3 a6 6. Bg5 e6 7. f4 Be7 8. Qf3
h6 9. Bxf6 Bxf6 10. O-O-O Qb6 11. Nb3 Be7 12. g4 Nd7 13. h4 Nc5 14. Rh3 Bd7 15.
Nxc5 Qxc5 16. Qe2 Bc6 17. a3 b5 18. g5 b4 19. axb4 Qxb4 20. Rg3 Rb8 21. b3 hxg5
22. hxg5 a5 23. Qc4 Qxc4 1/2-1/2

[Event "I SCS Open GM Chess Tournament"]
[Site "Bhubaneswar IND"]
[Date "2009.06.10"]
[Round "5"]
[White "G B, Joshi"]
[Black "R R, Laxman"]
[Result "1/2-1/2"]
[WhiteElo "2282"]
[BlackElo "2521"]
[PlyCount "65"]
[EventDate "2009.06.07"]
[EventType "swiss"]
[EventRounds "10"]
[EventCountry "IND"]
[Source "lmi"]
[SourceDate "2009.06.07"]

1. e4 e5 2. Nf3 Nc6 3. Bb5 a6 4. Ba4 Nf6 5. O-O Be7 6. Re1 b5 7. Bb3 O-O 8. h3
d6 9. c3 Na5 10. Bc2 c5 11. d3 Re8 12. Nbd2 Bb7 13. Nf1 h6 14. Ne3 Bf8 15. Nh2
d5 16. Nhg4 Nxg4 17. hxg4 dxe4 18. dxe4 Qxd1 19. Rxd1 Rad8 20. Bd2 Bc8 21. f3
Be6 22. Kf2 Be7 23. Nf5 Bf8 24. b3 Nc6 25. Be3 b4 26. c4 Nd4 27. Nxd4 cxd4 28.
Bc1 a5 29. Bd3 Be7 30. a4 Bg5 31. Bxg5 hxg5 32. Rh1 g6 33. Rh6 1/2-1/2

[Event "I SCS Open GM Chess Tournament"]
[Site "Bhubaneswar IND"]
[Date "2009.06.10"]
[Round "5"]
[White "Abdul Malek, Mohammed"]
[Black "Das, Neelotpal"]
[Result "1/2-1/2"]
[WhiteElo "2279"]
[BlackElo "2514"]
[PlyCount "114"]
[EventDate "2009.06.07"]
[EventType "swiss"]
[EventRounds "10"]
[EventCountry "IND"]
[Source "lmi"]
[SourceDate "2009.06.07"]

1. Nf3 Nf6 2. c4 c6 3. e3 d5 4. d4 a6 5. a4 Bf5 6. Bd3 Bg6 7. Bxg6 hxg6 8. Qb3
Qc7 9. Bd2 e6 10. Nc3 Nbd7 11. a5 Bd6 12. h3 Rb8 13. cxd5 exd5 14. Na4 Ne4 15.
Bb4 g5 16. Ke2 O-O 17. Rhc1 f5 18. Nc3 Ndf6 19. Nxe4 Nxe4 20. Bxd6 Qxd6 21. Ne5
f4 22. exf4 Rxf4 23. Rf1 Nc5 24. Qc3 Ne6 25. Nf3 g4 26. hxg4 Rxg4 27. Rh1 Rxg2
28. Qc2 Qf4 29. Qh7+ Kf8 30. Rad1 Re8 31. Qh8+ Ke7 32. Qh4+ Qxh4 33. Rxh4 Rf8
34. Ke3 Kd6 35. b4 Re8 36. Rd2 Nc5+ 37. Ne5 Ne4 38. Re2 Nc3 39. Re1 Rf8 40. f3
Nb5 41. Rg4 Rxg4 42. Nxg4 Na3 43. Rc1 Nc4+ 44. Ke2 Rf4 45. Ne3 Na3 46. Rg1 Rf7
47. Rxg7 Rxg7 48. Nf5+ Kd7 49. Nxg7 Nc2 50. Kd3 Nxb4+ 51. Kc3 Na2+ 52. Kb2 Nb4
53. Kc3 Na2+ 54. Kb2 Nb4 55. Kc3 Na2+ 56. Kb2 Nb4 57. Kc3 Na2+ 1/2-1/2

[Event "I SCS Open GM Chess Tournament"]
[Site "Bhubaneswar IND"]
[Date "2009.06.10"]
[Round "5"]
[White "Rustam, Khusnutdinov"]
[Black "Rahul, Shetty"]
[Result "1-0"]
[WhiteElo "2507"]
[BlackElo "2302"]
[PlyCount "97"]
[EventDate "2009.06.07"]
[EventType "swiss"]
[EventRounds "10"]
[EventCountry "IND"]
[Source "lmi"]
[SourceDate "2009.06.07"]

1. e4 e5 2. Nf3 Nc6 3. Bb5 a6 4. Ba4 Nf6 5. Nc3 b5 6. Bb3 Be7 7. O-O d6 8. h3
O-O 9. d3 Na5 10. Bd2 c5 11. Nd5 Nxb3 12. Nxe7+ Qxe7 13. axb3 Ne8 14. Nh2 f5
15. exf5 Rxf5 16. f4 Nc7 17. Qf3 Rb8 18. Rae1 Bb7 19. Qg3 Rbf8 20. Ng4 Qe6 21.
fxe5 Rxf1+ 22. Rxf1 Rxf1+ 23. Kxf1 dxe5 24. Nxe5 Qf5+ 25. Kg1 Ne6 26. Ng4 Kf7
27. Nf2 Qg6 28. Ng4 Qf5 29. Qb8 Qd5 30. Ne3 Qc6 31. Qe5 b4 32. c3 a5 33. Be1 h6
34. Bg3 Kg8 35. Kh2 Kh8 36. Bh4 Qd7 37. Nc4 Qc6 38. Qg3 Qa6 39. Be7 Kh7 40. Ne5
g5 41. Qg4 Ng7 42. Bxc5 bxc3 43. bxc3 Qf6 44. Qd4 Qf1 45. Qf2 Qd1 46. Bd4 Qxb3
47. Nc4 Bd5 48. Qf8 Ne6 49. Qf7+ 1-0

[Event "I SCS Open GM Chess Tournament"]
[Site "Bhubaneswar IND"]
[Date "2009.06.10"]
[Round "5"]
[White "Bhuvanesh R, Ramnath"]
[Black "Amon, Simutowe"]
[Result "0-1"]
[WhiteElo "2273"]
[BlackElo "2486"]
[PlyCount "92"]
[EventDate "2009.06.07"]
[EventType "swiss"]
[EventRounds "10"]
[EventCountry "IND"]
[Source "lmi"]
[SourceDate "2009.06.07"]

1. e4 c6 2. d4 d5 3. exd5 cxd5 4. c4 Nf6 5. Nc3 e6 6. Nf3 Bb4 7. cxd5 Nxd5 8.
Bd2 O-O 9. Bd3 Nc6 10. O-O Nf6 11. Bg5 Be7 12. a3 Nd5 13. Bd2 Bf6 14. Qe2 b6
15. Rad1 Bb7 16. h4 Nxc3 17. bxc3 Na5 18. Ng5 g6 19. Qg4 h5 20. Qg3 Bd5 21. f4
Bg7 22. Qh3 f5 23. Rfe1 Qe8 24. Qg3 Nc4 25. Bc1 Nd6 26. Bb1 Rf6 27. Rd2 Qc6 28.
Rde2 Nb5 29. Re3 Rc8 30. Bb2 Nd6 31. Bc1 Nb5 32. Bb2 Nd6 33. Bc1 Qb5 34. Bc2
Qc6 35. Bb1 Nc4 36. R3e2 b5 37. Kh2 Bf8 38. Ba2 Kg7 39. Re5 Be7 40. Bxc4 Qxc4
41. R5e3 Rc6 42. Nf3 Ra6 43. Ne5 Qc8 44. Qg5 Qe8 45. Rg3 Kh7 46. Nxg6 Qxg6 0-1

[Event "I SCS Open GM Chess Tournament"]
[Site "Bhubaneswar IND"]
[Date "2009.06.10"]
[Round "5"]
[White "Chakkravarthy J, Deepan"]
[Black "Gurpreet Pal, Singh"]
[Result "1/2-1/2"]
[WhiteElo "2482"]
[BlackElo "2268"]
[PlyCount "141"]
[EventDate "2009.06.07"]
[EventType "swiss"]
[EventRounds "10"]
[EventCountry "IND"]
[Source "lmi"]
[SourceDate "2009.06.07"]

1. b4 e5 2. Bb2 f6 3. a3 d5 4. e3 Be6 5. d3 Nh6 6. Nd2 Be7 7. Ngf3 O-O 8. c4 c6
9. Nb3 dxc4 10. dxc4 Qxd1+ 11. Rxd1 Nd7 12. Na5 c5 13. b5 Rfb8 14. Bc3 a6 15.
Bd3 Bd8 16. b6 Nxb6 17. Be4 Na4 18. Bd2 f5 19. Bc2 Nb2 20. Rb1 Bxa5 21. Rxb2
Bxd2+ 22. Kxd2 e4 23. Ne5 Nf7 24. Nxf7 Kxf7 25. Rhb1 Ra7 26. Rb6 Bxc4 27. Kc3
Be6 28. g4 g6 29. g5 Ke7 30. Ba4 Bd5 31. h4 Rd8 32. h5 gxh5 33. Bb3 Bc6 34. Rh1
Rd3+ 35. Kc2 Be8 36. a4 a5 37. Rh6 Bg6 38. Bg8 Ra6 39. Bxh7 Kf7 40. Rb1 Rd7 41.
Rb5 Kg7 42. Bxg6 Rxg6 43. Rxh5 b6 44. Rb1 Kg8 45. Kc3 Rd3+ 46. Kc4 Rd2 47. Rh6
Rxh6 48. gxh6 Rd6 49. Rh1 Kh7 50. Rh5 Rxh6 51. Rxf5 Rd6 52. Kb5 Re6 53. f4 exf3
54. Rxf3 Kg6 55. e4 Rf6 56. Re3 Kf7 57. e5 Rh6 58. Re1 Re6 59. Kc4 Ke7 60. Kd5
Rh6 61. Rg1 Kf7 62. Rf1+ Ke7 63. Rg1 Kf7 64. Rg4 Ke7 65. Rg7+ Ke8 66. Rb7 Kd8
67. e6 Rh4 68. Rb8+ Ke7 69. Rb7+ Ke8 70. Rxb6 Rxa4 71. Kxc5 1/2-1/2

[Event "I SCS Open GM Chess Tournament"]
[Site "Bhubaneswar IND"]
[Date "2009.06.10"]
[Round "5"]
[White "Chowdhury, Roy"]
[Black "Debaraj, Chatterjee"]
[Result "1-0"]
[WhiteElo "2469"]
[BlackElo "2248"]
[PlyCount "79"]
[EventDate "2009.06.07"]
[EventType "swiss"]
[EventRounds "10"]
[EventCountry "IND"]
[Source "lmi"]
[SourceDate "2009.06.07"]

1. Nf3 Nf6 2. b3 g6 3. Bb2 Bg7 4. d4 O-O 5. Nbd2 c5 6. e3 cxd4 7. Nxd4 Nc6 8.
Be2 Nxd4 9. Bxd4 d6 10. O-O Bd7 11. c4 Bc6 12. Rc1 Rc8 13. Re1 e5 14. Bc3 Qe7
15. Qc2 e4 16. b4 b6 17. Qb2 Ne8 18. Nb3 Bxc3 19. Rxc3 Ng7 20. Nd4 Ba8 21. Ra3
Rc7 22. Rd1 Ne6 23. Nb5 Rd7 24. Rc3 d5 25. cxd5 Rxd5 26. Rcc1 Rfd8 27. Rxd5
Bxd5 28. a3 a6 29. Nd4 Bb7 30. Nxe6 Qxe6 31. h3 Rc8 32. Rd1 Qe7 33. Qd4 Qc7 34.
Qf6 Rf8 35. Rd4 a5 36. h4 h5 37. Rd6 Qc1+ 38. Kh2 Qxa3 39. Bc4 Kh7 40. Bxf7 1-0